[Event "20th EUR-ch"]
[Site "Skopje MKD"]
[Date "2019.03.19"]
[Round "2"]
[White "Blubaum, Matthias"]
[Black "Kaasen, Tor Fredrik"]
[Result "1/2-1/2"]
[WhiteElo "2616"]
[BlackElo "2383"]
[EventDate "2019.03.18"]
[Board "90"]
[PlyCount "111"]

1.d4 Nf6 2.c4 g6 3.Nc3 d5 4.cxd5 Nxd5 5.Bd2 Bg7 6.e4 Nxc3 7.Bxc3 O-O 8.Qd2
c5 9.d5 e6 10.Bc4 exd5 11.Bxd5 Nd7 12.Bxg7 Kxg7 13.h4 h5 14.Ne2 Qf6 15.
O-O-O Nb6 16.Nf4 Be6 17.e5 Qf5 18.Qe3 Bxd5 19.Nxd5 Rfd8 20.Nxb6 axb6 21.
Rxd8 Rxd8 22.Re1 Rd4 23.b3 Rd3 24.Qe2 c4 25.bxc4 Qf4+ 26.Kb1 Rd2 27.Qe3 
Qf5+ 28.Ka1 Rxf2 29.Re2 Rf4 30.e6 fxe6 31.Qxe6 Rf1+ 32.Kb2 Rb1+ 33.Kc3 
Rc1+ 34.Kd2 Qf4+ 35.Qe3 Rxc4 36.Qxf4 Rxf4 37.Ke3 Rxh4 38.Rb2 Ra4 39.Rxb6 
Ra3+ 40.Kf4 Ra7 41.Kg3 Kh6 42.a4 Rxa4 43.Rxb7 h4+ 44.Kh3 Kh5 45.Rh7+ Kg5 
46.g3 hxg3 47.Kxg3 Ra3+ 48.Kg2 Kg4 49.Rb7 Ra2+ 50.Kg1 g5 51.Rb1 Kh4 52.Rc1
Ra3 53.Rb1 g4 54.Rc1 Kh3 55.Rb1 g3 56.Rc1 1/2-1/2

[Event "20th EUR-ch"]
[Site "Skopje MKD"]
[Date "2019.03.19"]
[Round "2"]
[White "Pashikian, Arman"]
[Black "Kalogeris, Ioannis"]
[Result "1-0"]
[WhiteElo "2616"]
[BlackElo "2368"]
[EventDate "2019.03.18"]
[Board "91"]
[PlyCount "87"]

1.d4 d5 2.Nf3 Nf6 3.c4 c6 4.e3 e6 5.b3 c5 6.Bb2 cxd4 7.Nxd4 Be7 8.cxd5 
Nxd5 9.Nd2 O-O 10.Bd3 Nd7 11.O-O Nc5 12.Bb1 Bd7 13.Qc2 g6 14.Ne4 Rc8 15.
Qe2 Qb6 16.Qf3 Na4 17.Bc1 f5 18.bxa4 fxe4 19.Qh3 Nf4 20.Qg4 Nd3 21.Bc2 
Rxc2 22.Nxc2 Bxa4 23.Nd4 Nc5 24.Ba3 e5 25.Rab1 Qf6 26.Bxc5 Bxc5 27.Qxe4 
exd4 28.Qd5+ Qf7 29.Qxc5 d3 30.Qxa7 b5 31.Qd4 Qxa2 32.Qxd3 Bc2 33.Qxb5 
Bxb1 34.Qxb1 Qd2 35.Qe4 Qb2 36.h3 Qf6 37.Qc2 h5 38.Rd1 Kg7 39.Rd7+ Kh6 40.
Qd2 Qa1+ 41.Kh2 Qe5+ 42.f4 Qe4 43.Qc3 Rg8 44.Qf6 1-0

[Event "20th EUR-ch"]
[Site "Skopje MKD"]
[Date "2019.03.19"]
[Round "2"]
[White "Bosiocic, Marin"]
[Black "Stoyanov, Tsvetan"]
[Result "0-1"]
[WhiteElo "2614"]
[BlackElo "2370"]
[EventDate "2019.03.18"]
[Board "92"]
[PlyCount "134"]

1.d4 Nf6 2.c4 e6 3.Nf3 Bb4+ 4.Nbd2 d5 5.Qa4+ Nc6 6.a3 Bxd2+ 7.Bxd2 Ne4 8.
Qc2 Nxd2 9.Qxd2 a5 10.e3 Ne7 11.Rc1 O-O 12.Qc2 c6 13.Bd3 f5 14.Ne5 Ng6 15.
Nxg6 hxg6 16.h4 Bd7 17.c5 b5 18.f4 Kf7 19.g4 Qf6 20.Qg2 Rh8 21.Kd2 Rh7 22.
Rcg1 Rah8 23.Qf2 Qe7 24.gxf5 gxf5 25.Rg5 Qf6 26.Kc1 Kf8 27.Qe1 Qd8 28.Be2 
Be8 29.Rhg1 g6 30.Rh1 Bf7 31.Bf3 Be8 32.Kd1 Bf7 33.Ke2 Be8 34.Kf1 Bf7 35.
Kg2 Be8 36.Kg3 Bf7 37.Qe2 Be8 38.a4 bxa4 39.Qg2 Qb8 40.h5 gxh5 41.Kh3 Qb3 
42.Re1 Rb7 43.Re2 a3 44.bxa3 Qxa3 45.Rg6 Re7 46.Qg5 Bxg6 47.Qf6+ Ke8 48.
Qxh8+ Kd7 49.Qb8 Qb4 50.Qd6+ Ke8 51.Rg2 Bf7 52.Qxc6+ Kf8 53.Qd6 Qe1 54.Rb2
h4 55.Rb8+ Kg7 56.Qe5+ Kg6 57.Bh5+ Kxh5 58.Qh8+ Kg6 59.Rg8+ Bxg8 60.Qxg8+ 
Kf6 61.Qf8+ Kg6 62.Qg8+ Kf6 63.Qf8+ Rf7 64.Qd8+ Kg7 65.Qg5+ Kh7 66.Qh5+ 
Kg8 67.Qg6+ Kf8 0-1

[Event "20th EUR-ch"]
[Site "Skopje MKD"]
[Date "2019.03.19"]
[Round "2"]
[White "Oparin, Grigory"]
[Black "Dimic, Pavle"]
[Result "1-0"]
[WhiteElo "2613"]
[BlackElo "2351"]
[EventDate "2019.03.18"]
[Board "93"]
[PlyCount "79"]

1.g3 Nf6 2.Bg2 g6 3.d4 Bg7 4.e4 d6 5.Ne2 O-O 6.Nbc3 e5 7.O-O Bd7 8.dxe5 
dxe5 9.Bg5 h6 10.Be3 Na6 11.Nc1 Re8 12.h3 c6 13.Nd3 Qc8 14.Kh2 c5 15.a3 c4
16.Nb4 Nc5 17.Qd2 Kh7 18.Rad1 Na4 19.Nxa4 Bxa4 20.Qc3 Bd7 21.Rd2 Be6 22.
Nd5 Bxd5 23.exd5 e4 24.Qb4 Bf8 25.d6 Qc6 26.Rfd1 Nd7 27.Rd4 b5 28.a4 a6 
29.b3 cxb3 30.Qxb3 Re6 31.Rxe4 Rxe4 32.Qxf7+ Bg7 33.axb5 axb5 34.Bxe4 Qxe4
35.Qxd7 Qxc2 36.Rc1 Qf5 37.Qxf5 gxf5 38.Rc7 Kg6 39.d7 Bf6 40.Rc8 1-0

[Event "20th EUR-ch"]
[Site "Skopje MKD"]
[Date "2019.03.19"]
[Round "2"]
[White "Pantsulaia, Levan"]
[Black "Serarols Mabras, Bernat"]
[Result "1-0"]
[WhiteElo "2611"]
[BlackElo "2363"]
[EventDate "2019.03.18"]
[Board "94"]
[PlyCount "83"]

1.c4 e6 2.g3 d5 3.Bg2 Nf6 4.Nf3 d4 5.O-O c5 6.e3 Nc6 7.exd4 cxd4 8.Re1 Bd6
9.d3 h6 10.Na3 O-O 11.Nc2 e5 12.b4 Re8 13.c5 Bf8 14.b5 Na5 15.Rxe5 Rxe5 
16.Nxe5 Bxc5 17.Bd2 a6 18.Rb1 Qc7 19.Qe1 axb5 20.Rxb5 Bb6 21.Nb4 Be6 22.
Nd5 Nxd5 23.Bxd5 Bxd5 24.Rxd5 Rd8 25.Rxd8+ Qxd8 26.Qe4 Qc7 27.Bxa5 Bxa5 
28.Nc4 Bc3 29.Qe8+ Kh7 30.Ne5 f6 31.Ng6 Bb4 32.Nf4 Qc1+ 33.Kg2 Qc6+ 34.
Qxc6 bxc6 35.g4 Bd6 36.Ne6 c5 37.a4 Kg6 38.a5 c4 39.dxc4 d3 40.Kf1 Bxh2 
41.a6 Bb8 42.c5 1-0

[Event "20th EUR-ch"]
[Site "Skopje MKD"]
[Date "2019.03.19"]
[Round "2"]
[White "Gines Esteo, Pedro Antonio"]
[Black "Goganov, Aleksey"]
[Result "1-0"]
[WhiteElo "2372"]
[BlackElo "2610"]
[EventDate "2019.03.18"]
[Board "95"]
[PlyCount "127"]

1.d4 d5 2.c4 c6 3.Nf3 Nf6 4.e3 Bg4 5.Qb3 Qb6 6.Ne5 Bf5 7.f3 Nbd7 8.Nxd7 
Bxd7 9.Nc3 e6 10.Bd2 Be7 11.O-O-O O-O 12.Kb1 Qxb3 13.axb3 c5 14.Be1 Bc6 
15.Bh4 cxd4 16.exd4 b6 17.Bd3 Rfd8 18.Bf2 Rd7 19.Rhe1 Bb4 20.Kc2 Rc8 21.
Ra1 a5 22.Red1 Ne8 23.Na2 Be7 24.Nc3 Bf6 25.c5 bxc5 26.dxc5 d4 27.Ne2 Bd5 
28.Rxa5 Bd8 29.Rb5 Nd6 30.Nxd4 Nxb5 31.Nxb5 Ba5 32.Nc3 Bc6 33.Bg3 Bb4 34.
Bd6 Bb7 35.Bb5 Bc6 36.Bxc6 Rxc6 37.Rd4 Rb7 38.Rc4 f5 39.Na2 Rxd6 40.Nxb4 
Rd8 41.Nc6 Rc8 42.Ne5 g5 43.b4 Kg7 44.g3 Kf6 45.f4 h5 46.c6 Rb5 47.Kc3 
gxf4 48.gxf4 Rxe5 49.fxe5+ Kxe5 50.b5 Kd6 51.b4 e5 52.Rc5 f4 53.Kd3 f3 54.
Ke3 Rf8 55.Kf2 e4 56.c7 Kd7 57.b6 Kc8 58.Re5 Kb7 59.Rxe4 Kxb6 60.Rc4 Rc8 
61.Kxf3 Kb5 62.Rc1 Kxb4 63.Kf4 Kb5 64.Ke5 1-0

[Event "20th EUR-ch"]
[Site "Skopje MKD"]
[Date "2019.03.19"]
[Round "2"]
[White "Stocek, Jiri"]
[Black "Krykun, Yuriy"]
[Result "1/2-1/2"]
[WhiteElo "2592"]
[BlackElo "2342"]
[EventDate "2019.03.18"]
[Board "96"]
[PlyCount "90"]

1.d4 Nf6 2.Nf3 g6 3.c4 Bg7 4.Nc3 d5 5.cxd5 Nxd5 6.Qa4+ Nc6 7.e4 Nxc3 8.
bxc3 O-O 9.Be2 Bd7 10.Qc2 e5 11.d5 Na5 12.Ba3 Re8 13.O-O Rc8 14.Rfd1 Bf8 
15.Bb4 c5 16.dxc6 Nxc6 17.Bxf8 Rxf8 18.Qd2 Be6 19.Qh6 Qe7 20.Ng5 f6 21.
Nxe6 Qxe6 22.h3 Rcd8 23.Qe3 b6 24.Bb5 Kg7 25.Qe2 Rxd1+ 26.Rxd1 Rd8 27.Rd3 
Rxd3 28.Qxd3 Na5 29.Qc2 Qd6 30.h4 Qe6 31.g3 Nb7 32.Qa4 Na5 33.Qa3 Kf7 34.
Qa4 Qd6 35.Bc4+ Nxc4 36.Qxc4+ Kg7 37.Kg2 h5 38.a4 a5 39.Qc8 Kh7 40.Qb7+ 
Kg8 41.c4 Qc5 42.Qd5+ Kg7 43.Qd7+ Kg8 44.Qe6+ Kg7 45.Kg1 Qc7 1/2-1/2

[Event "20th EUR-ch"]
[Site "Skopje MKD"]
[Date "2019.03.19"]
[Round "2"]
[White "Csiki, Endre"]
[Black "Santos Latasa, Jaime"]
[Result "0-1"]
[WhiteElo "2251"]
[BlackElo "2582"]
[EventDate "2019.03.18"]
[Board "97"]
[PlyCount "58"]

1.e4 c5 2.Nf3 d6 3.Bb5+ Bd7 4.Bxd7+ Qxd7 5.c4 e5 6.Nc3 Nc6 7.a3 g6 8.Rb1 
Bg7 9.b4 b6 10.d3 Nge7 11.b5 Nd8 12.a4 O-O 13.Nd2 f5 14.Nb3 Ne6 15.Nd5 
Rac8 16.a5 Nxd5 17.exd5 Nf4 18.O-O g5 19.Bb2 Rce8 20.Re1 g4 21.f3 h5 22.
Ra1 e4 23.Bxg7 Qxg7 24.fxg4 fxg4 25.Qd2 e3 26.Qc2 e2 27.axb6 Nh3+ 28.Kh1 
Qxa1 29.Nxa1 Rf1+ 0-1

[Event "20th EUR-ch"]
[Site "Skopje MKD"]
[Date "2019.03.19"]
[Round "2"]
[White "Rozum, Ivan"]
[Black "Rabatin, Jakub"]
[Result "1-0"]
[WhiteElo "2573"]
[BlackElo "2313"]
[EventDate "2019.03.18"]
[Board "98"]
[PlyCount "117"]

1.Nf3 c5 2.c4 Nc6 3.Nc3 e6 4.g3 d5 5.cxd5 exd5 6.d4 c4 7.Bg2 Bb4 8.O-O 
Nge7 9.Ne5 O-O 10.Nxc6 bxc6 11.Na4 Bf5 12.b3 cxb3 13.axb3 Qa5 14.Ba3 Bxa3 
15.Rxa3 Rfb8 16.Qc1 Qb4 17.Qb2 Nc8 18.Nc5 a5 19.e3 Nb6 20.Qa2 Nd7 21.Nxd7 
Bxd7 22.Ra1 h6 23.h3 Qc3 24.g4 g6 25.Bf1 Kg7 26.Rxa5 Rxa5 27.Qxa5 Qxa5 28.
Rxa5 Rxb3 29.Ra7 Be6 30.Rc7 Rb6 31.Kg2 Kf6 32.Kg3 Kg7 33.Bd3 Kf6 34.Bc2 
Ra6 35.Kf4 h5 36.g5+ Kg7 37.h4 Kh7 38.Ke5 Kg7 39.Kd6 Ra1 40.Rxc6 Rh1 41.
Bb3 Rxh4 42.Bxd5 Bxd5 43.Kxd5 Rh2 44.f4 h4 45.e4 Rf2 46.Ke5 h3 47.Rc3 h2 
48.Rh3 Kf8 49.d5 Ke7 50.Rh7 Ke8 51.Kd6 Kf8 52.e5 Rxf4 53.Rxh2 Ra4 54.Rh8+ 
Kg7 55.Rc8 Ra5 56.e6 fxe6 57.dxe6 Ra6+ 58.Rc6 Ra1 59.Rc7+ 1-0

[Event "20th EUR-ch"]
[Site "Skopje MKD"]
[Date "2019.03.19"]
[Round "2"]
[White "Ibanez Aullana, Ramon"]
[Black "Djukic, Nikola"]
[Result "0-1"]
[WhiteElo "2283"]
[BlackElo "2572"]
[EventDate "2019.03.18"]
[Board "99"]
[PlyCount "100"]

1.d4 Nf6 2.Nf3 g6 3.c4 Bg7 4.Nc3 d5 5.cxd5 Nxd5 6.Bd2 O-O 7.e4 Nxc3 8.Bxc3
c5 9.d5 Bxc3+ 10.bxc3 Bg4 11.Qb3 Bxf3 12.gxf3 Qc7 13.h4 Nd7 14.h5 Qf4 15.
Be2 Ne5 16.Rh3 c4 17.Qxb7 Qg5 18.Kf1 Rfb8 19.Qc7 Rb2 20.Rd1 Rxa2 21.Rg3 
Qxh5 22.Kg2 Rxe2 23.Rh1 Rxf2+ 24.Kxf2 Qxh1 25.Qxe5 Qh2+ 26.Ke3 Qc2 27.f4 
Qb2 28.f5 Qb6+ 29.Kf3 Qf6 30.Qxf6 exf6 31.Ke3 a5 32.Kd4 a4 33.Kxc4 a3 34.
Rg1 a2 35.Ra1 h5 36.Kc5 h4 37.c4 h3 38.Kd6 h2 39.c5 g5 40.c6 g4 41.c7 g3 
42.Rxa2 Rc8 43.Kd7 Rxc7+ 44.Kxc7 h1=Q 45.d6 g2 46.Ra8+ Kg7 47.d7 Qc1+ 48.
Kd6 Qf4+ 49.e5 Qxe5+ 50.Kc6 Qe4+ 0-1

[Event "20th EUR-ch"]
[Site "Skopje MKD"]
[Date "2019.03.19"]
[Round "2"]
[White "Smirnova, Ekaterina"]
[Black "Petrosian, Manuel"]
[Result "1/2-1/2"]
[WhiteElo "2178"]
[BlackElo "2564"]
[EventDate "2019.03.18"]
[Board "100"]
[PlyCount "130"]

1.d4 Nf6 2.c4 e6 3.Nf3 d5 4.Nc3 Bb4 5.Bg5 dxc4 6.e4 h6 7.Bxf6 Qxf6 8.e5 
Qd8 9.Bxc4 c5 10.O-O cxd4 11.Nxd4 O-O 12.Rc1 Bd7 13.Ne4 Nc6 14.Nxc6 Bxc6 
15.Qg4 Qa5 16.Qf4 Rad8 17.a3 Bd2 18.Nxd2 Qxd2 19.Qxd2 Rxd2 20.b4 Ba4 21.
Rfe1 Rfd8 22.h3 g5 23.Be2 R8d7 24.Rc3 Bc6 25.Bf3 Bxf3 26.Rxf3 Kg7 27.g4 h5
28.gxh5 R2d4 29.Rg3 Kh6 30.Rc1 Rd1+ 31.Rxd1 Rxd1+ 32.Kg2 Kxh5 33.Rc3 Rd7 
34.Kf3 b6 35.Ke4 Rd2 36.f4 gxf4 37.Kxf4 Rd4+ 38.Kf3 a5 39.b5 Rd5 40.a4 
Rxe5 41.Rc6 Kg5 42.Rxb6 Rf5+ 43.Ke3 Rf4 44.Rb7 f6 45.Rg7+ Kf5 46.Rg4 Rf1 
47.Kd4 e5+ 48.Kd5 Rd1+ 49.Kc6 e4 50.b6 Rc1+ 51.Kd5 e3 52.b7 Rb1 53.Re4 
Rxb7 54.Rxe3 Rb4 55.Rf3+ Kg6 56.Rg3+ Kf7 57.Rg4 f5 58.Rxb4 axb4 59.Kd4 f4 
60.a5 f3 61.a6 f2 62.a7 f1=Q 63.a8=Q Qf4+ 64.Kc5 Qe3+ 65.Kxb4 Qxh3 1/2-1/2

[Event "20th EUR-ch"]
[Site "Skopje MKD"]
[Date "2019.03.19"]
[Round "2"]
[White "Santos Ruiz, Miguel"]
[Black "Gueci, Tea"]
[Result "1-0"]
[WhiteElo "2560"]
[BlackElo "2252"]
[EventDate "2019.03.18"]
[Board "101"]
[PlyCount "109"]

1.e4 c5 2.Nf3 Nc6 3.d4 cxd4 4.Nxd4 Nf6 5.Nc3 e5 6.Ndb5 d6 7.Nd5 Nxd5 8.
exd5 Nb8 9.a4 Nd7 10.Be2 Be7 11.O-O O-O 12.Kh1 f5 13.f4 a6 14.Na3 e4 15.
Be3 b6 16.a5 b5 17.c4 Bf6 18.Qd2 b4 19.Nb1 Qc7 20.Ra2 Rb8 21.Bd4 Nc5 22.
Bxf6 Rxf6 23.Qe3 Bd7 24.Nd2 Rh6 25.Bd1 Rc8 26.Bc2 Be8 27.Raa1 Qe7 28.Nb3 
Qh4 29.h3 Nxb3 30.Bxb3 Rg6 31.Kh2 Rc5 32.Qe1 Qxe1 33.Rfxe1 Rf6 34.Kg3 h6 
35.Kf2 Kf8 36.g3 Bh5 37.Ra4 Be8 38.Rxb4 Rxa5 39.Rb6 Ke7 40.Bc2 Ra2 41.Rb7+
Bd7 42.Re3 g5 43.Reb3 gxf4 44.gxf4 Rg6 45.Ra7 Rg8 46.Rbb7 Rd8 47.Bd1 Ra1 
48.Ke2 Ra2 49.Kd2 Ra1 50.h4 Ra2 51.Bh5 a5 52.Bg6 Kf6 53.h5 e3+ 54.Kxe3 Be8
55.Rf7+ 1-0

[Event "20th EUR-ch"]
[Site "Skopje MKD"]
[Date "2019.03.19"]
[Round "2"]
[White "Grigoriants, Sergey"]
[Black "Ingebretsen, Jens E"]
[Result "1-0"]
[WhiteElo "2543"]
[BlackElo "2243"]
[EventDate "2019.03.18"]
[Board "102"]
[PlyCount "45"]

1.Nf3 Nf6 2.c4 e6 3.Nc3 b6 4.e4 d6 5.d4 Bb7 6.Bd3 c5 7.d5 Be7 8.O-O Na6 9.
dxe6 fxe6 10.e5 dxe5 11.Qe2 O-O 12.Nxe5 Bd6 13.Bf4 Qe8 14.Rad1 Nb4 15.Bg6 
hxg6 16.Rxd6 Nxa2 17.Nxa2 Ne4 18.Rd7 Rxf4 19.Rxb7 Nd6 20.Rc7 Re4 21.Qd3 
Rf4 22.Qh3 Nxc4 23.Nf7 1-0

[Event "20th EUR-ch"]
[Site "Skopje MKD"]
[Date "2019.03.19"]
[Round "2"]
[White "Shevchenko, Kirill"]
[Black "Polatel, Ali"]
[Result "1-0"]
[WhiteElo "2535"]
[BlackElo "2220"]
[EventDate "2019.03.18"]
[Board "103"]
[PlyCount "97"]

1.e4 c6 2.d4 d5 3.Nc3 dxe4 4.Nxe4 Nd7 5.Ng5 Ngf6 6.Bd3 e6 7.N1f3 Bd6 8.Qe2
h6 9.Ne4 Nxe4 10.Qxe4 Nf6 11.Qe2 b6 12.Bd2 Bb7 13.O-O-O Qc7 14.c4 O-O-O 
15.Bc3 c5 16.Kb1 Kb8 17.Rhe1 Ka8 18.g3 Rhe8 19.Bc2 Rc8 20.b3 a6 21.dxc5 
Bxc5 22.Ne5 Red8 23.f4 Qe7 24.Bb2 g6 25.Rd3 Nd7 26.Nxd7 Rxd7 27.Red1 Rxd3 
28.Qxd3 Bc6 29.Be5 h5 30.h3 Qb7 31.Bd4 Rd8 32.Qe3 Qe7 33.Bxc5 Rxd1+ 34.
Bxd1 Qxc5 35.Qxc5 bxc5 36.a3 a5 37.Kb2 Kb7 38.b4 axb4 39.axb4 cxb4 40.Kb3 
h4 41.gxh4 Kc7 42.h5 gxh5 43.Bxh5 f5 44.Kxb4 Bg2 45.h4 Kd6 46.c5+ Ke7 47.
Kc4 Kf6 48.Kd4 Bc6 49.Be2 1-0

[Event "20th EUR-ch"]
[Site "Skopje MKD"]
[Date "2019.03.19"]
[Round "2"]
[White "Zlatin, Alexander"]
[Black "Potapov, Pavel"]
[Result "1/2-1/2"]
[WhiteElo "2243"]
[BlackElo "2517"]
[EventDate "2019.03.18"]
[Board "104"]
[PlyCount "37"]

1.e4 d6 2.d4 Nf6 3.Nc3 e5 4.Nf3 Nbd7 5.Bc4 Be7 6.dxe5 Nxe5 7.Nxe5 dxe5 8.
Qxd8+ Bxd8 9.a4 a5 10.f3 c6 11.Be3 h6 12.O-O-O Bc7 13.Rd2 b6 14.g4 Nd7 15.
Rhd1 Nf8 16.Bb5 Bb7 17.Bc4 Bc8 18.Bb5 Bb7 19.Bc4 1/2-1/2

[Event "20th EUR-ch"]
[Site "Skopje MKD"]
[Date "2019.03.19"]
[Round "2"]
[White "Sivuk, Vitaly"]
[Black "Van Dael, Siem"]
[Result "1-0"]
[WhiteElo "2514"]
[BlackElo "2207"]
[EventDate "2019.03.18"]
[Board "105"]
[PlyCount "99"]

1.e4 c5 2.Nc3 d6 3.d4 cxd4 4.Qxd4 Nc6 5.Qd2 g6 6.b3 Bh6 7.f4 Nf6 8.Bb2 O-O
9.O-O-O a5 10.a4 Nb4 11.Kb1 Qb6 12.Nf3 Be6 13.Ng5 Bg4 14.Re1 e5 15.Bc4 
Rac8 16.Rhf1 Nh5 17.Nxf7 Rxf7 18.Bxf7+ Kxf7 19.fxe5+ Kg7 20.Qxd6 Qxd6 21.
exd6 Kg8 22.Nd5 Nxd5 23.exd5 Bf8 24.h3 Bd7 25.g4 Ng7 26.Ba3 Ne8 27.c4 b6 
28.Re7 Bxe7 29.dxe7 g5 30.Bb2 h6 31.Rf8+ Kh7 32.Bd4 Rb8 33.Kc2 Kg6 34.Kc3 
Rb7 35.Be5 Ra7 36.Kd4 Rb7 37.Ke4 Ra7 38.Kf3 Ra8 39.Kg3 Ra7 40.Bd4 Rb7 41.
Be5 Ra7 42.h4 gxh4+ 43.Kxh4 Rb7 44.Bd4 Rb8 45.Rh8 Kf7 46.Rxh6 Kxe7 47.Be5 
Rb7 48.Rh7+ Kf8 49.g5 Bc8 50.g6 1-0

[Event "20th EUR-ch"]
[Site "Skopje MKD"]
[Date "2019.03.19"]
[Round "2"]
[White "Efremov, Vladislav"]
[Black "Zanan, Evgeny"]
[Result "0-1"]
[WhiteElo "2115"]
[BlackElo "2514"]
[EventDate "2019.03.18"]
[Board "106"]
[PlyCount "68"]

1.d4 Nf6 2.c4 g6 3.Nc3 Bg7 4.e4 d6 5.h3 O-O 6.Bg5 Qe8 7.Bd3 e5 8.d5 a5 9.
Nge2 Na6 10.Qd2 Nd7 11.g4 Ndc5 12.Ng3 Nxd3+ 13.Qxd3 Nc5 14.Qe2 c6 15.f3 a4
16.h4 a3 17.b3 f5 18.gxf5 gxf5 19.exf5 e4 20.f6 Qe5 21.Kd2 Rxf6 22.Bxf6 
Qxf6 23.Ngxe4 Qd4+ 24.Kc2 Nxe4 25.Nxe4 cxd5 26.Nf6+ Qxf6 27.Qe8+ Qf8 28.
Qxf8+ Kxf8 29.Rae1 Bf5+ 30.Kc1 dxc4 31.bxc4 Rc8 32.Re2 Rxc4+ 33.Kd1 Bh6 
34.Ree1 Bd3 0-1

[Event "20th EUR-ch"]
[Site "Skopje MKD"]
[Date "2019.03.19"]
[Round "2"]
[White "Sanal, Vahap"]
[Black "Chigaeva, Anastasia"]
[Result "1-0"]
[WhiteElo "2511"]
[BlackElo "2167"]
[EventDate "2019.03.18"]
[Board "107"]
[PlyCount "103"]

1.Nf3 d5 2.g3 c6 3.Bg2 Nf6 4.O-O Bg4 5.d3 e6 6.c4 Nbd7 7.cxd5 cxd5 8.Qb3 
Qb6 9.Qxb6 axb6 10.h3 Bh5 11.Bf4 Be7 12.g4 Bg6 13.Nh4 O-O 14.Bg3 Rfc8 15.
Nc3 b5 16.Nxb5 Rc2 17.Rfb1 Rxe2 18.Nxg6 hxg6 19.Nd4 Rd2 20.Bf1 e5 21.Nf3 
Rc2 22.Nxe5 Nxe5 23.Bxe5 Bc5 24.Rc1 Bxf2+ 25.Kg2 Rac8 26.Bc3 Rxc1 27.Rxc1 
Bd4 28.Be2 Bxc3 29.Rxc3 Rxc3 30.bxc3 g5 31.Kf2 Kf8 32.Ke3 Ke7 33.Kd4 Kd6 
34.Bf3 b6 35.Bg2 g6 36.Bf3 Ke6 37.a3 Kd6 38.a4 Ke6 39.Bd1 Ne8 40.c4 dxc4 
41.dxc4 Kd6 42.c5+ bxc5+ 43.Kc4 Nc7 44.a5 f5 45.Bf3 Na6 46.Bb7 Nb4 47.Kb5 
f4 48.Bf3 Nc2 49.a6 Na3+ 50.Ka4 Nc4 51.a7 Nb6+ 52.Kb5 1-0

[Event "20th EUR-ch"]
[Site "Skopje MKD"]
[Date "2019.03.19"]
[Round "2"]
[White "Hesse, Henrik"]
[Black "Quparadze, Giga"]
[Result "0-1"]
[WhiteElo "2165"]
[BlackElo "2501"]
[EventDate "2019.03.18"]
[Board "108"]
[PlyCount "57"]

1.c4 e5 2.g3 Nf6 3.Bg2 d5 4.cxd5 Nxd5 5.Nc3 Nb6 6.Nf3 Nc6 7.d3 Be7 8.a3 
O-O 9.Be3 Re8 10.O-O Bf8 11.Rc1 Nd4 12.Ne4 Bg4 13.Bxd4 exd4 14.Nc5 Bxc5 
15.Rxc5 Qd6 16.b4 c6 17.h3 Bxf3 18.Bxf3 Nd7 19.Rc1 Ne5 20.Bg2 h5 21.Be4 h4
22.g4 Ng6 23.Bxg6 Qxg6 24.Qd2 Re6 25.e4 dxe3 26.fxe3 Rd8 27.Rfd1 Qf6 28.
Rf1 Qg6 29.d4 0-1

[Event "20th EUR-ch"]
[Site "Skopje MKD"]
[Date "2019.03.19"]
[Round "2"]
[White "Blagojevic, Dragisa"]
[Black "Marinskii, Yurii"]
[Result "1-0"]
[WhiteElo "2498"]
[BlackElo "2156"]
[EventDate "2019.03.18"]
[Board "109"]
[PlyCount "91"]

1.d4 d5 2.c4 c6 3.Nc3 Nf6 4.e3 a6 5.Qc2 Bg4 6.h3 Bh5 7.Qb3 Ra7 8.Nge2 e6 
9.Nf4 Bg6 10.Nxg6 hxg6 11.Be2 Nbd7 12.O-O Bd6 13.Qc2 Bb8 14.f4 Nh5 15.Bxh5
Rxh5 16.Ne2 Nf6 17.Bd2 Ne4 18.Be1 Rh8 19.Ng3 Nd6 20.cxd5 cxd5 21.Rc1 Nf5 
22.Qe2 b5 23.b3 Nd6 24.Bb4 f5 25.Rc6 Qd7 26.Rfc1 Kf7 27.Bxd6 Bxd6 28.Nf1 
Ba3 29.R1c2 Bd6 30.Qe1 a5 31.Nh2 a4 32.Nf3 Rc7 33.Rxc7 Bxc7 34.Qc1 Rc8 35.
bxa4 bxa4 36.Ne5+ Bxe5 37.Rxc8 Bd6 38.Qc6 Qe7 39.Qxa4 g5 40.Ra8 Kf6 41.Ra7
Qf8 42.Qd7 Bb8 43.fxg5+ Kg6 44.Qxe6+ Kh7 45.Rf7 Qb4 46.Qh6+ 1-0

[Event "20th EUR-ch"]
[Site "Skopje MKD"]
[Date "2019.03.19"]
[Round "2"]
[White "Ivic, Velimir"]
[Black "Ivanova, Karina"]
[Result "1-0"]
[WhiteElo "2487"]
[BlackElo "2114"]
[EventDate "2019.03.18"]
[Board "110"]
[PlyCount "81"]

1.d4 Nf6 2.Nf3 e6 3.c4 b6 4.a3 Bb7 5.Nc3 d5 6.Bg5 Be7 7.Qa4+ c6 8.Bxf6 
Bxf6 9.cxd5 exd5 10.g3 O-O 11.Bg2 Nd7 12.O-O Re8 13.Rfd1 Qe7 14.Rac1 c5 
15.e3 g6 16.b4 cxb4 17.axb4 a5 18.bxa5 Rxa5 19.Qb3 Bc6 20.Ne1 Qd6 21.Nd3 
Be7 22.Nf4 Ra3 23.Nb5 Bxb5 24.Qxb5 Ra5 25.Qc6 Nf6 26.Qxd6 Bxd6 27.Rc6 Bxf4
28.Rxf6 Bc7 29.Rc1 Re7 30.Rfc6 Bd8 31.Rd6 Bc7 32.Rxd5 Rxd5 33.Bxd5 Kg7 34.
Kf1 f5 35.Ke2 Rd7 36.Be6 Re7 37.Bd5 Rd7 38.Bc6 Re7 39.Kd3 Kf6 40.Bf3 Bd8 
41.d5 1-0

[Event "20th EUR-ch"]
[Site "Skopje MKD"]
[Date "2019.03.19"]
[Round "2"]
[White "Kevlishvili, Robby"]
[Black "Caglar, Sila"]
[Result "1-0"]
[WhiteElo "2461"]
[BlackElo "2094"]
[EventDate "2019.03.18"]
[Board "111"]
[PlyCount "85"]

1.e4 g6 2.d4 Bg7 3.c3 d6 4.Bd3 c5 5.dxc5 dxc5 6.Nf3 Nf6 7.O-O O-O 8.h3 Nc6
9.Qe2 e5 10.Rd1 Qe7 11.Bg5 h6 12.Bxf6 Qxf6 13.Nbd2 g5 14.Nh2 Qg6 15.Ndf1 
Ne7 16.Ng3 Qb6 17.Ng4 Ng6 18.Ne3 Nf4 19.Qc2 Be6 20.Ngf5 Rad8 21.Bc4 Qc7 
22.a4 Rxd1+ 23.Rxd1 Rd8 24.Bd5 Ng6 25.Qb3 Nf4 26.Qc4 Kf8 27.Kh2 b6 28.g3 
Bxf5 29.Nxf5 Ng6 30.Rd3 Ne7 31.Rf3 Nxf5 32.Rxf5 Rd7 33.Qe2 Re7 34.Qh5 Ke8 
35.h4 gxh4 36.Qxh4 Qd6 37.Qg4 Kf8 38.Qh5 Qc7 39.g4 f6 40.Qg6 Qd6 41.Qh7 
Ke8 42.Qg8+ Bf8 43.Qg6+ 1-0

[Event "20th EUR-ch"]
[Site "Skopje MKD"]
[Date "2019.03.19"]
[Round "2"]
[White "Salgado Lopez, Ivan"]
[Black "Roch, Florian"]
[Result "1-0"]
[WhiteElo "2622"]
[BlackElo "1916"]
[EventDate "2019.03.18"]
[Board "112"]
[PlyCount "97"]

1.c4 Nf6 2.g3 e6 3.Bg2 d5 4.Nf3 Be7 5.O-O O-O 6.b3 c5 7.Bb2 Nc6 8.cxd5 
Nxd5 9.Nc3 Nxc3 10.Bxc3 Bd7 11.Qc1 Rc8 12.Qb2 Bf6 13.Bxf6 Qxf6 14.Qxf6 
gxf6 15.Rfc1 b6 16.d3 Kg7 17.a3 e5 18.Kf1 Be6 19.Rab1 Nd4 20.Nd2 Rfd8 21.
h3 h6 22.Ke1 Bf5 23.Rb2 Be6 24.Nc4 Kf8 25.Nd2 Kg7 26.Kd1 Kf8 27.Ra1 Ke7 
28.Ke1 Bd5 29.Bxd5 Rxd5 30.Rc1 Rdd8 31.Ra2 Ke6 32.e3 Nc6 33.Ke2 Ne7 34.Rc4
Rd7 35.Nf3 Rcd8 36.Ne1 Nf5 37.Rac2 Ne7 38.Rd2 Rd6 39.Rdc2 R6d7 40.Rh4 Rh8 
41.g4 f5 42.Rh5 fxg4 43.hxg4 f6 44.Nf3 Rhd8 45.Rxh6 Ng8 46.Ng5+ Kd6 47.Rg6
Kc6 48.Ne4 Kb7 49.Rxg8 1-0

[Event "20th EUR-ch"]
[Site "Skopje MKD"]
[Date "2019.03.19"]
[Round "2"]
[White "Dinev, Dejan"]
[Black "Eljanov, Pavel"]
[Result "0-1"]
[WhiteElo "2239"]
[BlackElo "2682"]
[EventDate "2019.03.18"]
[Board "114"]
[PlyCount "120"]

1.Nf3 Nf6 2.c4 b6 3.g3 Bb7 4.Bg2 g6 5.O-O Bg7 6.d4 O-O 7.Nc3 Ne4 8.Nxe4 
Bxe4 9.Be3 d5 10.b3 Qc8 11.Qd2 Nc6 12.cxd5 Bxd5 13.Rfd1 Rd8 14.Qb2 Qb7 15.
Rac1 a5 16.a3 Rd7 17.Rd2 Rad8 18.Rcd1 h6 19.h4 e6 20.Kh2 Ne7 21.b4 axb4 
22.axb4 b5 23.Ne5 Bxg2 24.Nxd7 Rxd7 25.f3 Bxf3 26.exf3 Qxf3 27.Rd3 Qe4 28.
Qg2 Qxg2+ 29.Kxg2 Nd5 30.Bd2 Nb6 31.Bf4 Nc4 32.Ra1 e5 33.Bc1 exd4 34.Ra2 
h5 35.Bf4 Be5 36.Re2 f6 37.Ra2 Kf7 38.Kf3 c6 39.Ra6 Rd6 40.Bc1 Ke6 41.Ra8 
Rd5 42.Rc8 Bd6 43.Bf4 g5 44.hxg5 fxg5 45.Bxd6 g4+ 46.Ke2 Kxd6 47.Rd8+ Ke5 
48.Re8+ Kf5 49.Rf8+ Ke4 50.Rd1 Nb2 51.Re1 Nd3 52.Ref1 Re5 53.Rd8 c5 54.
bxc5 Rxc5 55.Kd2 b4 56.Re8+ Re5 57.Rc8 b3 58.Rb8 b2 59.Rh1 Ra5 60.Rd1 Ra1 
0-1

[Event "20th EUR-ch"]
[Site "Skopje MKD"]
[Date "2019.03.19"]
[Round "2"]
[White "Zhigalko, Sergei"]
[Black "Doncevic, Dario"]
[Result "1-0"]
[WhiteElo "2604"]
[BlackElo "2249"]
[EventDate "2019.03.18"]
[Board "115"]
[PlyCount "67"]

1.e4 g6 2.d4 Bg7 3.Nc3 d6 4.Be3 a6 5.Nf3 Nf6 6.a4 O-O 7.h3 b6 8.Bc4 e6 9.
O-O Bb7 10.d5 e5 11.Re1 Nbd7 12.b4 h6 13.a5 b5 14.Bb3 Kh7 15.Rc1 Qe7 16.
Nd2 Rac8 17.Qe2 Nb8 18.Na2 c6 19.dxc6 Bxc6 20.f3 Qb7 21.c4 Rfd8 22.Bb6 Rd7
23.Nc3 bxc4 24.Nxc4 Nh5 25.Ne3 Nf4 26.Qd2 h5 27.Rcd1 Bh6 28.Qf2 Kg7 29.Nc4
d5 30.Nxe5 dxe4 31.Nxd7 Nxd7 32.Nxe4 Bxe4 33.Bd4+ Kg8 34.Rxe4 1-0

[Event "20th EUR-ch"]
[Site "Skopje MKD"]
[Date "2019.03.19"]
[Round "2"]
[White "Georgiev, Kiril"]
[Black "Jarvenpaa, Jari"]
[Result "1/2-1/2"]
[WhiteElo "2595"]
[BlackElo "2243"]
[EventDate "2019.03.18"]
[Board "116"]
[PlyCount "74"]

1.d4 f5 2.Nf3 Nf6 3.Bf4 e6 4.e3 Be7 5.h3 b6 6.c4 Bb7 7.Nc3 O-O 8.Be2 Bb4 
9.O-O Bxc3 10.bxc3 Ne4 11.Rc1 d6 12.Bh2 Nd7 13.Ne1 Qe7 14.Nd3 Rac8 15.f3 
Nef6 16.Re1 e5 17.c5 e4 18.cxd6 cxd6 19.Nf2 exf3 20.Bxf3 Bxf3 21.Qxf3 Ne4 
22.Nxe4 fxe4 23.Qe2 Rf6 24.a4 Rg6 25.Rf1 Qe6 26.Kh1 Nf6 27.Qb5 Qa2 28.Rg1 
Qd2 29.Qb3+ d5 30.Bf4 Rxg2 31.Rxg2 Qxc1+ 32.Rg1 Qd2 33.Bg5 Qf2 34.Bxf6 
Qxf6 35.Qxd5+ Kh8 36.Qg5 Qf8 37.Qg4 g6 1/2-1/2